| 000 | 00581nam a2200217 4500 | ||
|---|---|---|---|
| 003 | OSt | ||
| 005 | 20240702064517.0 | ||
| 006 | a | ||
| 008 | 240702b |||||||| |||| 00| 0 eng d | ||
| 020 | _a9780737747157 | ||
| 040 |
_aDWCL-Main lib. _cOC |
||
| 082 | _aCirc. 321.8 D383 2011 | ||
| 245 | _aDemocracy / | ||
| 260 |
_aDetriot: _bGreenhaven Pres, _cc2011. |
||
| 300 |
_b236p.:illus.; _c23 cm. |
||
| 504 | _aIncludes bibliographical references & index. | ||
| 650 | _a1. Democracy. | ||
| 650 | _a2. Democratization. | ||
| 700 | _aTom Lansford | ||
| 942 |
_2ddc _n0 _cBK-CIRC _kCirc. |
||
| 999 |
_c1805 _d1805 |
||